00487nam a2200169 a 450000100060000000300090000600800410001502000150005604000280007108200160009910000540011524500530016926000350022230000110025765000250026865000240029315965CO-ViMGA141112s2004 ck r 000 u spa d a9586120686 aCO-ViMGAbspacCO-ViMGA04a301.2 F676i1 aForo Nacional para, con, por, sobre, de Cultura, 10aImagenes y reflexiones de la Cultura en Colombia aBogotá, cColcultura, c1991 a446.p.14aFOROS Y CONFERENCIAS14aPolítica CULTURAL